000 00615nam a22002297a 4500
003 UA-OsUOA
001 48165
007 ta
008 20070830b un ||||| |||| 00| 0 ukr d
100 _aБажанов П. П.
090 _a821,161,1
_bБ16
942 _cBK
040 _aUA-OsUOA
_brus
_cUA-OsUOA
_dUA-OsUOA
245 _aПовести, очерки , дневниковые записи письма
300 _a353 с.
955 _a3
041 _arus
080 _a821,161,1
260 _c1952
650 7 _a82 Література. Літературознавство
_2UDC
999 _c334280
_d334280